000 01146cam a22002771i 4500
003 SA-RiAUC
005 20241230134824.0
008 241228s2003 su g 000 0 ara c
020 _a9960436888
040 _aSA-RiIMS
_bara
_cSA-RiAUC
_erda
050 4 _b.S85 2003
082 0 4 _a303.625
_qSA-RiAUC
090 _a303.625
_b س ل ط
100 1 _aالسلطان، عبد الله عبد المحسن سلطان،
_d1363 هجري-
_eمؤلف.
245 1 0 _aعن الإرهاب /
_cعبد الله بن عبد المحسن السلطان.
250 _aالطبعة الأولى.
264 1 _aالرياض :
_bعبد الله عبد المحسن سلطان السلطان،
_c2003
300 _a353 صفحة ؛
_c24 سم
336 _aنص
_btxt
_2rdacontent
_3كتاب
337 _aبدون وسيط
_bn
_2rdamedia
338 _aمجلد
_bnc
_2rdacarrier
500 _aمكتبة الشيخ صالح بن عبد الله المالك، [أمين مجلس الشورى سابقا]. ن 1 : مكتبة فرع ط. ملز.
650 7 _aالإرهاب
_2aucsh
942 _2ddc
_cBOOK
_n0
949 _aSA-JeALM
_d241228
_umohamedma123
_n1
999 _c4131
_d4131